Rozpoznaj klub Ligi Europy 23/24 po najdroższym piłkarzu - Statystyki

Ogólne statystyki
  • Ten quiz został rozwiązany 33 razy
  • Średni wynik to 10 z 32
Statystyki odpowiedzi
Piłkarz Cena (w mln) Klub % Poprawnych
Dominik Szoboszlai / Luis Díaz 75 Liverpool
100%
Florian Wirtz 100 Bayer Leverkusen
87%
Romelu Lukaku / Tammy Abraham 35 AS Roma
80%
Teun Koopmeiners / Giorgio Scalvini 40 Atalanta
73%
Lucas Paquetá 65 West Ham
73%
Evan Ferguson 65 Brighton
63%
Vladan Kovačević 7 Raków Częstochowa
60%
Viktor Gyökeres 45 Sporting
53%
Yeremi Pino 30 Villarreal
50%
Guido Rodríguez 24 Real Betis
47%
Jorrel Hato 22 Ajax Amsterdam
37%
Amine Gouiri 28 Rennes
37%
Ladislav Krejčí / Martin Vitík 5 Sparta Praga
33%
Alexander Prass 8 Sturm Graz
30%
Ismaïla Sarr 20 Olympique Marsylia
27%
Oscar Dorley / Christos Zafeiris 5 Slavia Praga
27%
Fábio Silva 13 Rangers
23%
Levi García 12 AEK Ateny
20%
Philipp Lienhart 20 Freiburg
20%
David Carmo 14 Olympiakos
20%
Anastasios Bakasetas / Fotis Ioannidis 9 Panathinaikos
17%
Emil Breivik 4 Molde
13%
Leandro Andrade 1,2 Qarabağ
13%
Thijs Dallinga 15 Toulouse
13%
Marin Ljubičić 2,5 LASK
10%
Slobodan Urošević 2,3 Aris
7%
Amane Romeo 2,5 Häcken
3%
Muhammad Ammura 10 Royale Union
3%
Timothé Cognat 2,8 Servette
3%
Amine Talal 1 Sheriff Tyraspol
3%
Gadi Kinda 4 Maccabi Haifa
0%
Miloš Pantović / Ifet Đakovac 2,5 TSC
0%
Nie znaleziono quizów pasujących do podanych kryteriów
Rozkład punktacji
Procent ludzi z każdym wynikiem
Percentyl według liczby udzielonych odpowiedzi
Twoja historia wyników
Nie rozwiązałeś tego quizu